The siege / (Record no. 3647)

MARC details
000 -LEADER
fixed length control field 01264nam a22002417a 4500
001 - CONTROL NUMBER
control field 3647
003 - CONTROL NUMBER IDENTIFIER
control field FISKH
005 - DATE AND TIME OF LATEST TRANSACTION
control field 20240402120600.0
008 - FIXED-LENGTH DATA ELEMENTS--GENERAL INFORMATION
fixed length control field 240402b cb ||||| |||| 00| 0 eng d
040 ## - CATALOGING SOURCE
Original cataloging agency FISK
Language of cataloging eng
Transcribing agency FISK
Modifying agency FISK
050 ## - LIBRARY OF CONGRESS CALL NUMBER
Classification number PZ7.A47
082 ## - DEWEY DECIMAL CLASSIFICATION NUMBER
Classification number 813.6
100 ## - MAIN ENTRY--PERSONAL NAME
Personal name Alpert Mark
Dates associated with a name 1961-
245 ## - TITLE STATEMENT
Title The siege /
Statement of responsibility, etc. Mark Alpert
260 ## - PUBLICATION, DISTRIBUTION, ETC.
Place of publication, distribution, etc. Naperville :
Name of publisher, distributor, etc. Sourcebooks Inc,
Date of publication, distribution, etc. 2016
300 ## - PHYSICAL DESCRIPTION
Extent 285 pages :
Dimensions 22 cm
505 ## - FORMATTED CONTENTS NOTE
Formatted contents note O
520 ## - SUMMARY, ETC.
Summary, etc. Adam gave up everything for a new chance at life. Now with a cutting-edge digital mind, he is smarter, faster, better than a normal teen. Except Adam is anything but invincible. He's indebted to the government program that gave him this ability-and freedom comes at a price. Adam and his teammates, the six Pioneers, swore to defend humanity against Sigma, the most ruthless artificial intelligence program ever designed. The Pioneers are all that stand between the AI and world domination. But Sigma has an advantage. It has learned about human weakness, and its new weapon? Betrayal. In this war between good and evil, the battle lines have been drawn...but someone is about to switch sides.
521 8# - TARGET AUDIENCE NOTE
Target audience note 840
Source O
700 ## - ADDED ENTRY--PERSONAL NAME
Personal name Mark Alpert
942 ## - ADDED ENTRY ELEMENTS (KOHA)
Source of classification or shelving scheme Dewey Decimal Classification
Koha item type Books
Suppress in OPAC No
Holdings
Withdrawn status Lost status Source of classification or shelving scheme Damaged status Not for loan Collection Home library Current library Shelving location Date acquired Total Checkouts Full call number Barcode Date last seen Copy number Price effective from Koha item type
    Dewey Decimal Classification     Fiction Footprints International School Library Network Toul Kork Campus Footprints International School Library Network Toul Tom Poung Campus TTP Secondary Fiction Bookshelves 04/02/2024   ALP PZ7.A47 813.6 2024-0447 12/03/2025 1 04/02/2024 Books